000 00289nam a22001217a 4500
008 190226b xxu||||| |||| 00| 0 eng d
041 _aeng
080 _a574
100 _a10
101 _aMJE
245 _aFatal Harvest the tragedy of industrial agriculture
_cBerry,W
942 _2udc
_cBK
999 _c54275
_d54275